000 00610nam a22002417a 4500
003 UA-OsUOA
001 23392
007 ta
008 20040121b un ||||| |||| 00| 0 ukr d
100 _aКраснобокий Ю.М.
700 _aЛевківський К.М.
090 _a001(038)
_bК78
942 _cBK
040 _aUA-OsUOA
_bukr
_cUA-OsUOA
_dUA-OsUOA
245 _aСловник-довідник науковця-початківця
955 _a0
041 _aukr
080 _a001(038)
260 _aКиїв
_bНМЦВО
_c2001
044 _aUA
650 7 _2UDC
999 _c309639
_d309639